000 00367 a2200169 4500
001 168043
020 _a
040 _cMagnum
100 _aDrummond, Newton
240 1 0 _aO mistério da torre inteligente
_lpor
245 1 0 _aO mistério da torre inteligente
300 _a79
362 0 _a1990
440 1 _a
697 _aLITERATURA JUVENIL
942 _cBK
999 _c168043
_d168043